Central Library OPAC University of Rajshahi

Vocal Recital, Vol. 2/ (Record no. 38126)

MARC details
000 -LEADER
fixed length control field 00658njmaa2200217 a 4500
001 - CONTROL NUMBER
control field 38126
003 - CONTROL NUMBER IDENTIFIER
rucl marc code (BD-RjUL)
005 - DATE AND TIME OF LATEST TRANSACTION
control field 20211209052730.0
008 - FIXED-LENGTH DATA ELEMENTS--GENERAL INFORMATION
fixed length control field 150913b ii ||kfes|||| 00| 0 eng d
035 ## - SYSTEM CONTROL NUMBER
System control number (BD-RjUL)38231
040 ## - CATALOGING SOURCE
Original cataloging agency BD-RjUL
Language of cataloging eng
082 ## - DEWEY DECIMAL CLASSIFICATION NUMBER
Edition number 23
Classification number 782.6
Author mark and year ABH
100 ## - MAIN ENTRY--PERSONAL NAME
Personal name Abhisheki, Pt. Jeetendra.
9 (RLIN) 117988
245 ## - TITLE STATEMENT
Title Vocal Recital, Vol. 2/
Statement of responsibility, etc. Pt. Jeetendra Abhisheki
Medium [Sound Recording]/
260 ## - PUBLICATION, DISTRIBUTION, ETC. (IMPRINT)
Place of publication, distribution, etc. Mumbai :
Name of publisher, distributor, etc. Venus Records & Tapes Pvt. Ltd.,
300 ## - PHYSICAL DESCRIPTION
Pagination 1 sound disc :
Illustrations digital ;
Size 4 3\4 in.
500 ## - GENERAL NOTE
General note Compact disc.
650 ## - SUBJECT ADDED ENTRY--TOPICAL TERM
Topical term or geographic name as entry element Vocal Recital
Geographic subdivision India
9 (RLIN) 117989
Topical term or geographic name as entry element Vocal Music
Geographic subdivision India
9 (RLIN) 118009
942 ## - ADDED ENTRY ELEMENTS (KOHA)
Source of classification or shelving scheme Dewey Decimal Classification
Koha item type Audio Visual (AV) Materials
Holdings
Lost status Source of classification or shelving scheme Damaged status Not for loan Permanent Location Current Location Shelving location Date acquired Cost, normal purchase price Total Checkouts Full call number Date last seen Koha item type
  Dewey Decimal Classification   Not For Loan Central Library, University of Rajshahi Central Library, University of Rajshahi Audio Visual Section 13/09/2015 99.00   AV 782.6 ABH 13/09/2015 Audio Visual (AV) Materials